1980's Hits - Statistics

General Stats
  • This quiz has been taken 60 times
  • The average score is 7 of 15
Answer Stats
Hint Answer % Correct
Livin' On A Prayer Bon Jovi
98%
Mickey Toni Basil
76%
Rapture Blondie
72%
Holding Out For A Hero Bonnie Tyler
70%
Lady In Red Chris De Burgh
70%
Fame Irene Cara
67%
Circle In The Sand Belinda Carlisle
57%
I Heard A Rumour Bananarama
52%
One Vision Queen
37%
Causing A Commotion Madonna
33%
Take It Away Paul McCartney
22%
Banana Republic Boomtown Rats
17%
Pump Up The Jam Technotronic
17%
Dinner With Gershwin Donna Summer
11%
Da Da Da Trio
11%
No matching quizzes found
Score Distribution
Percent of People with Each Score
Percentile by Number Answered
Your Score History
You have not taken this quiz